LEADER 02016nam a2200337 a 4500 001 000000116841 003 CaOOAMICUS 005 20100720135604.0 008 090826s1587 it u001 u lat r 026 $ai-76 usia$br-i- alti (3)$c1587 (R) 040 $aPUL$bita$dReb 100 1 $aBanez, Domingo,$cO.P.,$d1528-1604.$0(OLS)http://pul/name/72654 245 10$aF. Dominici Bannes Mondragonensis ... Commentaria, et quaestiones in duos libros Aristotelis Stagyritae de generatione, et corruptione ... 246 30$aCommentaria et quaestiones in duos libros Aristotelis Stagyritae De generatione et corruptione. 260 $aVenetiis :$bapud Iuntas,$c1587. 300 $a[4], 420 p. ;$c4° (23 cm) 500 $aSegnatura: A-Z8 Aa-Bb8 Cc10 500 $aInclude indici. 500 $aIniziali xil. illustrate 500 $aSul front. marca tip. con motto in cornice figurata: Flos iustitiae (Z643). 500 $aTesto su 2 colonne. 662 $aItalia$dVenezia.$0(OLS)http://pul/subject/34951 710 0 $aGiunta, Lucantonio II,$d1566-1601$4pbl.$0(OLS)http://pul/name/71294 850 $aPUL 852 $aPUL$W1$xDP1 Antico 500$y12$m80 D 1$j133981$qStampati Antico$B133012$CPULBib$Z2$F133012 $82 856 0$uhttp://aquabrowser.pul.it/cinquecentine/80D1-1.jpg 941 1 $a15 961 $aStato di conservazione: legatura e carte da restaurare.Precedente appartenenza: Collegio Germanico.Precedenti collocazioni: Int. B 4; S VI 16.Timbro: Bibliotheca Pia Pont. Seminarii Romani.Prove di penna sul front.Note mss sul front. e all'interno del testo.Sottolineature all'interno del testo. 996 $6245$aF. Dominici Bannes Mondragonensis ... Commentaria, et quaestiones in duos libros Aristotelis Stagyritae de generatione, et corruptione ...$9(OLS)http://pul/title/146895 996 $6246$aCommentaria et quaestiones in duos libros Aristotelis Stagyritae De generatione et corruptione.$9(OLS)http://pul/title/146896 996 $6260$aVenetiis :$bapud Iuntas$9(OLS)http://pul/publisher/48752 LEADER 01387nam a2200301 a 4500 001 000000123034 003 CaOOAMICUS 005 20100922135040.0 008 100922t2010 ne dba u000 u eng r 020 $a978-90-481-2787-0 040 $aPUL$bita$dMCT 082 04$a509 245 00$aPtolemy in perspective :$buse and criticism of his work from antiquity to the nineteenth century /$cAlexander Jones. 260 $aDordrecht :$bSpringer,$cİ2010. 300 $axv, 229 p. :$bc. geogr., grafici, ill. ;$c24 cm 490 1 $aArchimedes ;$v23 504 $aBibliografia p. 217-229. 600 14$aPtolemaeus, Claudius,$dc. 100-178.$0(OLS)http://pul/subject/11460 650 4$aScienza$xStoria.$0(OLS)http://pul/subject/1198 700 1 $aJones, Alexander,$d1906-$0(OLS)http://pul/name/48777 830 0$aArchimedes ;$v23.$0(OLS)http://pul/title/155066 850 $aPUL 852 $aPUL$W1$xSL Cons. Gen., Altre Classi 3$y75$m509 JONAL 1$j141340$qDDC 21$B140387$CPULBib$Z2$F140387 $H114444 $82 941 1 $a9 996 $6020$a978-90-481-2787-0$9(OLS)http://pul/number/145396 996 $6082$a509$9(OLS)http://pul/classification/514 996 $6245$aPtolemy in perspective :$buse and criticism of his work from antiquity to the nineteenth century$9(OLS)http://pul/title/155065 996 $6260$aDordrecht :$bSpringer$9(OLS)http://pul/publisher/77549 LEADER 01390nam a2200289 a 4500 001 000000137596 003 CaOOAMICUS 005 20150911112159.0 008 140228s2005 it a u000 u ita r 020 $a88-215-5297-7 040 $aPUL$bita 245 03$aIl tempo della festa :$bdieci voci per riscoprire la domenica /$ca cura del Servizio nazionale per il progetto culturale. 260 $aCinisello Balsamo :$bSan Paolo,$c2005. 300 $a146 p.$bill.$c22 cm 490 1 $aDimensioni dello spirito ;$v65 500 $aOpera concepita come contributo del XXIV Congresso Eucaristico Nazionale. 650 4$aFeste religiose.$0(OLS)http://pul/subject/16889 710 2 $aServizio nazionale per il progetto culturale della CEI.$0(OLS)http://pul/name/65065 830 0$aDimensioni dello spirito ;$v65.$0(OLS)http://pul/title/22694 850 $aPUL 852 $aPUL$W1$xDP1 Fondo E. Rossi$y115$m7 A 12$j158613$qFondi$B158129$CPULBib$Z2$F158129 $82 852 $aPUL$W1$xDP1 Fondo S. Lanza$y121$m3 M 74$j168440$qFondi$B169039$CPULBib$Z2$F169039 $HLAN2169 $82 941 1 $a1 996 $6020$a88-215-5297-7$9(OLS)http://pul/number/154676 996 $6245$aIl tempo della festa :$bdieci voci per riscoprire la domenica$9(OLS)http://pul/title/174209 996 $6260$aCinisello Balsamo :$bSan Paolo$9(OLS)http://pul/publisher/54577